|
|
|
|
| LEADER |
00000cas a2200000 c 4500 |
| 001 |
167237691 |
| 003 |
DE-627 |
| 005 |
20230408135436.0 |
| 007 |
tu |
| 008 |
941030d18621900xxkz| p| 0 |0und c |
| 016 |
7 |
|
|a 012461857
|2 DE-101
|
| 016 |
7 |
|
|a 433377-9
|2 DE-600
|
| 035 |
|
|
|a (DE-627)167237691
|
| 035 |
|
|
|a (DE-576)015587096
|
| 035 |
|
|
|a (DE-599)ZDB433377-9
|
| 035 |
|
|
|a (OCoLC)310960989
|
| 040 |
|
|
|a DE-627
|b ger
|c DE-627
|e rakwb
|
| 044 |
|
|
|c XA-GB
|
| 082 |
0 |
4 |
|a 230
|q DE-600
|
| 084 |
|
|
|a 1
|a 0
|2 ssgn
|
| 084 |
|
|
|a 11.53
|2 bkl
|
| 084 |
|
|
|a 11.78
|2 bkl
|
| 110 |
2 |
|
|e VerfasserIn
|0 (DE-588)80255-4
|0 (DE-627)101562993
|0 (DE-576)190499389
|4 aut
|a Church of Scotland
|
| 245 |
1 |
4 |
|a The Church of Scotland home and foreign missionary record
|
| 246 |
3 |
3 |
|a Home and foreign missionary record
|
| 247 |
1 |
0 |
|a The Church of Scotland home and foreign mission record
|f Hauptsacht. N.S. 15.1885 - 25.1900
|
| 264 |
3 |
1 |
|a Edinburgh [u.a.]
|c 1862-1900
|
| 336 |
|
|
|a Text
|b txt
|2 rdacontent
|
| 337 |
|
|
|a ohne Hilfsmittel zu benutzen
|b n
|2 rdamedia
|
| 338 |
|
|
|a Band
|b nc
|2 rdacarrier
|
| 362 |
0 |
|
|a N.S. 1.1862 - 25.1900 = Nr. 1-192
|
| 363 |
0 |
0 |
|a 1
|i 1862
|
| 363 |
1 |
0 |
|a 25
|i 1900
|
| 591 |
|
|
|a A/C
|
| 601 |
|
|
|a Church of Scotland
|
| 655 |
|
7 |
|a Zeitschrift
|0 (DE-588)4067488-5
|0 (DE-627)10454466X
|0 (DE-576)20917000X
|2 gnd-content
|
| 689 |
0 |
0 |
|d g
|0 (DE-588)4053233-1
|0 (DE-627)104522925
|0 (DE-576)209102810
|2 gnd
|a Schottland
|
| 689 |
0 |
1 |
|d s
|0 (DE-588)4170147-1
|0 (DE-627)105404578
|0 (DE-576)209927917
|2 gnd
|a Missionsgesellschaft
|
| 689 |
0 |
2 |
|d s
|0 (DE-588)4039567-4
|0 (DE-627)106227602
|0 (DE-576)20903551X
|2 gnd
|a Mission
|
| 689 |
0 |
3 |
|d s
|0 (DE-588)4059758-1
|0 (DE-627)104131446
|0 (DE-576)209132159
|2 gnd
|a Theologie
|
| 689 |
0 |
4 |
|d s
|0 (DE-588)4030720-7
|0 (DE-627)104814403
|0 (DE-576)208988815
|2 gnd
|a Kirchengeschichte
|
| 689 |
0 |
|
|5 (DE-627)
|
| 770 |
0 |
8 |
|i Beil.
|t News of female missions
|d Edinburgh, 1898
|w (DE-627)16678074X
|w (DE-600)305504-8
|w (DE-576)015223620
|
| 780 |
0 |
0 |
|i Vorg.
|a Church of Scotland
|t Home and foreign missionary record for the Church of Scotland
|d Edinburgh, 1841
|w (DE-627)167237683
|w (DE-600)433376-7
|w (DE-576)015587088
|k Non-Electronic
|
| 785 |
0 |
0 |
|i Aufgeg. in
|t Life and work
|d Edinburgh : [Verlag nicht ermittelbar], 1879
|w (DE-627)166749915
|w (DE-600)300690-6
|w (DE-576)015182762
|k Non-Electronic
|
| 935 |
|
|
|a mteo
|a FRST
|
| 936 |
b |
k |
|a 11.53
|j Neuzeitliches Christentum
|q ARK
|0 (DE-627)181571498
|
| 936 |
b |
k |
|a 11.78
|j Missionswissenschaft
|q ARK
|0 (DE-627)106410806
|
| 951 |
|
|
|a JT
|
| ELC |
|
|
|b 1
|
| ITA |
|
|
|a 1
|t 1
|
| LOK |
|
|
|0 000 xxxxxcy a22 3n 4500
|
| LOK |
|
|
|0 001 211645011X
|
| LOK |
|
|
|0 003 DE-627
|
| LOK |
|
|
|0 004 167237691
|
| LOK |
|
|
|0 005 20130411174845
|
| LOK |
|
|
|0 008 880929||||||||||||||||ger|||||||
|
| LOK |
|
|
|0 035
|a (DE-600)026115581
|
| LOK |
|
|
|0 040
|a DE-21
|c DE-627
|d DE-21
|
| LOK |
|
|
|0 092
|u 091
|u 100
|
| LOK |
|
|
|0 852
|8 1
|
| LOK |
|
|
|0 852
|a DE-21
|
| LOK |
|
|
|0 852 1
|c Gk II 22
|9 00
|
| LOK |
|
|
|0 85900
|8 1.1
|a 1
|i 1862
|
| LOK |
|
|
|0 85910
|8 1.2
|a 25
|i 1900
|
| LOK |
|
|
|0 86630
|a 1.1862 - 25.1900
|z [L]
|9 N.S.
|
| LOK |
|
|
|0 935
|a theo
|
| LOK |
|
|
|0 939
|a 29-09-88
|b z01
|
| LOK |
|
|
|0 000 xxxxxcx a22 zn 4500
|
| LOK |
|
|
|0 001 423262094X
|
| LOK |
|
|
|0 003 DE-627
|
| LOK |
|
|
|0 004 167237691
|
| LOK |
|
|
|0 005 20240917123136
|
| LOK |
|
|
|0 008 221215||||||||||||||||ger|||||||
|
| LOK |
|
|
|0 040
|a DE-Tue135
|c DE-627
|d DE-Tue135
|
| LOK |
|
|
|0 092
|o n
|
| LOK |
|
|
|0 852
|a DE-Tue135
|
| LOK |
|
|
|0 852 1
|9 00
|
| LOK |
|
|
|0 866
|x SPQUE#Bibliothek der Franckeschen Stiftungen#SPSAM#Bibliothek der Ostindischen Missionsanstalt#SPSYS#oimi_systematik_F
|
| LOK |
|
|
|0 935
|a FRST
|a oimi
|
| LOK |
|
|
|0 939
|a 15-12-22
|b l01
|
| ORI |
|
|
|a SA-MARC-ixtheoa001.raw
|
| REL |
|
|
|a 1
|
| SPR |
|
|
|a 1
|t IXT
|
| STA |
0 |
0 |
|a Church history studies,Church,Church history,Church history,Mission (international law,Mission,Mission,Christianity,World mission,Missionary society,Scotland,Scotland,Western Scotland,Theology,Theology
|
| STB |
0 |
0 |
|a Histoire de l’Église,Histoire de l’Église,Histoire du christianisme (discipline),Histoire du christianisme,Mission,Mission,Mission,Société missionnaire,Théologie,Théologie
|
| STC |
0 |
0 |
|a Historia eclesiástica,Historia eclesiástica,Historia eclesiástica,Misión,Misión,Misión,Sociedad misionera,Teología,Teología
|
| STD |
0 |
0 |
|a Missione,Missione,Missione,Società missionaria,Storia della Chiesa,Storia della Chiesa,Teologia,Teologia
|
| STE |
0 |
0 |
|a 宣教,宣教,传教,宣教使命,传教,宣教使命,差会,教会历史研究,教会,神学家
|
| STF |
0 |
0 |
|a 宣教,宣教,傳教,宣教使命,傳教,宣教使命,差會,教會歷史研究,教會,神學家
|
| STG |
0 |
0 |
|a História eclesiástica,História eclesiástica,Missão,Missão,Missão,Sociedade missionária,Teologia,Teologia
|
| STH |
0 |
0 |
|a Богословие (мотив),Богословие,История церкви (дисциплина),История церкви,Миссионерское общество,Миссия (международное право),Миссия (мотив),Миссия
|
| STI |
0 |
0 |
|a Αποστολή (Διεθνές δίκαιο),Ιεραποστολή (μοτίβο),Ιεραποστολή,Εκκλησιαστική Ιστορία (μάθημα),Εκκλησιαστική Ιστορία,Θεολογία (μοτίβο),Θεολογία,Ιεραποστολική κοινότητα
|
| SUB |
|
|
|a REL
|
| SYG |
0 |
0 |
|a Ecosse,Scotia,Scotland , Missionswerk,Missionsverein , Diplomatische Mission,Christentum,Christliche Mission,Heidenmission,Weltmission,Missionierung , Christliche Theologie , Kirche
|